• 首页
  • 本馆介绍
  • 公告通知
  • 最新文献
  • 馆藏检索
  • 电子资源
  • 读者导购
  • 参考咨询
  • 我的图书馆
  • 登录
  • 详细信息显示
  • 放入我的书架
  • 预约/预借图书
  • 作者相关作品
  • 分类相关作品
  • 丛书相关作品
  • 出版社相关作品

书目信息

  • 表格格式
  • 工作单格式
  • 卡片格式
题名:
中药代谢化学
    
 
作者: 刘斌 主编
分册:  
出版信息: 北京   北京科学技术出版社  2017.01
页数: 507页
开本: 26cm
丛书名:
单 册:
中图分类: R285.6
科图分类:
主题词: 中药学--药物代谢动力学--高等学校--教材
电子资源:
ISBN: 978-7-5304-8721-1
000 01024nam0 2200229 450
001 1066
005 20180927110522.77
010    @a978-7-5304-8721-1@dCNY70.00
100    @a20170328d2017 em y0chiy50 ea
101 0  @achi
102    @aCN@b110000
105    @aa z 000yy
200 1  @a中药代谢化学@9zhong yao dai xie hua xue@f刘斌主编
210    @a北京@c北京科学技术出版社@d2017.01
215    @a507页@c图@d26cm
300    @a全国高等院校药学、中药学类专业“十三五”规划教材
330    @a本书共分六章,分别介绍了中药(复方)成分体内代谢和生物转化的研究意义、研究方法;中药(复方)成分体内代谢分析的目的、任务和特点;中药(复方)成分体内代谢和生物转化的生物学基础;中药(复方)不同类型化学成分体内代谢和生物转化的主要规律、途径;体内代谢分析常用生物样品的种类、特点、采集和贮存;体内代谢分析样品的提取、分离、纯化和富集;体内代谢分析方法的建立和评价等。
606 0  @a中药学@x药物代谢动力学@x高等学校@j教材
690    @aR285.6@v5
701  0 @a刘斌@9liu bin@4主编
801  0 @aCN@b91MARC@c20170328
905    @aMuseLib@dR285.6@e446
    
    中药代谢化学/刘斌主编.-北京:北京科学技术出版社,2017.01
    507页:图;26cm
    全国高等院校药学、中药学类专业“十三五”规划教材
    
    ISBN 978-7-5304-8721-1:CNY70.00
    本书共分六章,分别介绍了中药(复方)成分体内代谢和生物转化的研究意义、研究方法;中药(复方)成分体内代谢分析的目的、任务和特点;中药(复方)成分体内代谢和生物转化的生物学基础;中药(复方)不同类型化学成分体内代谢和生物转化的主要规律、途径;体内代谢分析常用生物样品的种类、特点、采集和贮存;体内代谢分析样品的提取、分离、纯化和富集;体内代谢分析方法的建立和评价等。
●
相关链接 在E读中查询图书 在五车中查询图书 在当当中查询图书 在豆瓣中查询图书


正题名:中药代谢化学     索取号:R285.6/446         预约/预借

序号 登录号 条形码 馆藏地/架位号 状态 备注
1 1121004   211210045   第二样本阅览室/ [索取号:R285.6/446] 在馆    
2 1121005   211210054   密集书库-生命科学系/ [索取号:R285.6/446] 在馆    
3 1121006   211210063   第三借阅区/ [索取号:R285.6/446] 在馆    
4 1121007   211210072   第三借阅区/ [索取号:R285.6/446] 在馆    
5 1121008   211210081   第三借阅区/ [索取号:R285.6/446] 在馆    
唐山师范学院图书馆 欢迎您!
大连网信软件有限公司© 版权所有